|
|
|
|
| LEADER |
00000ny a22000003n 4500 |
| 005 |
20110622113854.0 |
| 006 |
m u |
| 007 |
cr cn||||||||| |
| 008 |
200903r2008 sp |||||s|||||||||||spa d |
| 020 |
|
|
|a 9788498492705
|
| 035 |
|
|
|a 2777
|
| 040 |
|
|
|a FlNmELB
|c FlNmELB
|d vlex
|
| 050 |
1 |
4 |
|a LB3013.3
|b V795 2008eb
|
| 080 |
|
|
|a 37.064.3
|
| 082 |
0 |
4 |
|a 371.7/82
|2 22
|
| 090 |
|
|
|c 1247
|d 1247
|
| 245 |
0 |
0 |
|a Violencia escolar
|h [Recurso electrn̤ico]
|b aspectos socioculturales, penales y procesales /
|c Fernando Gonzl̀ez Montes (coordinador) ; Francisco J. Garrido Carrillo, Belň Ibolen̤ Salmern̤ (coordinadores tčnicos) ; Pedro M. Butrn̤ Balią ... [et al.]
|
| 256 |
|
|
|a Servicio en ln̕ea
|
| 260 |
|
|
|a Madrid :
|b Dykinson,
|c 2008
|
| 300 |
|
|
|a 161 p.
|
| 506 |
1 |
|
|a Contenido solo disponible en los productos indicados
|d vLex Global
|d vLex Global (Academic Edition, excluding Law Schools)
|d vLex Global (U.S. Academic Edition, Law Schools)
|d vLex Global (U.S. Academic Edition, excluding Law Schools)
|d vLex Global (Academic Edition, Law Schools)
|
| 650 |
0 |
7 |
|a Menores
|2 Tesauro vLex
|
| 650 |
0 |
7 |
|a Responsabilidad Penal
|2 Tesauro vLex
|
| 650 |
0 |
7 |
|a Administrativo
|2 Tesauro vLex
|
| 700 |
1 |
|
|a Butrn̤ Balią, Pedro M.,
|e coaut.
|
| 700 |
1 |
|
|a Garrido Carrillo, Francisco Javier,
|e coord
|
| 700 |
1 |
|
|a Gonzl̀ez Montes, Fernando A.,
|e coord
|
| 700 |
1 |
|
|a Ibolǒn Salmern̤, Belň,
|e coord
|
| 740 |
0 |
|
|a vLex Libros (Servicios en ln̕ea)
|
| 856 |
4 |
0 |
|z Acceso restringido
|u http://vlex.com/source/violencia-escolar-aspectos-socioculturales-penales-procesales-2777
|
| 942 |
|
|
|c BOOK
|